[Event "Mondiale Lampo FIDE 2022"]
[Site "Alma Ata"]
[Date "30.12.2022"]
[Round "14.22"]
[White "Sargsyan, Shant"]
[Black "Paravyan, David"]
[Result "0-1"]
[WhiteTitle ""]
[BlackTitle ""]
[WhiteElo "2645"]
[BlackElo "2586"]
[WhiteFideId "13306766"]
[BlackFideId "4194985"]
[EventDate "29.12.2022"]

1. d4 Nf6 2. Nf3 g6 3. Nc3 d5 4. Bf4 Bg7 5. Nb5 Na6 6. e3 O-O 7. h3 Ne4 8. c3 f6
9. Be2 e5 10. Bh2 c6 11. Na3 exd4 12. exd4 Nc7 13. O-O Be6 14. c4 Re8 15. Qb3
Qc8 16. Rfe1 Bf7 17. Bf1 Bh6 18. Bxc7 Qxc7 19. cxd5 cxd5 20. Nb5 Qb6 21. a4 Qa5
22. Nc3 Bf8 23. Bb5 Rec8 24. Nxd5 Qd8 25. Rxe4 Bxd5 26. Qe3 Bxe4 27. Qxe4 Rc7
28. b3 Bd6 29. Bc4+ Kg7 30. h4 Re7 31. Qd5 Bb4 32. Qb5 Qb6 33. Qxb6 axb6 34. Rd1
Rd8 35. g3 h6 36. Kg2 f5 37. d5 Bc5 38. Ne1 Kf6 39. Nd3 Bd6 40. Bb5 Rc8 41. Bc4
Re4 42. Nc1 Rc7 43. Nd3 Rce7 44. Rd2 g5 45. hxg5+ hxg5 46. Rd1 Rh7 47. Ra1 f4
48. gxf4 Bxf4 49. Kf3 Rd4 50. Rd1 Rh3+ 51. Kg4 Rh4+ 52. Kf3 g4+ 53. Ke2 Bg5 54.
Rg1 Rh3 55. Ne1 Rc3 56. Nd3 Rc2+ 57. Kf1 Rcxc4 58. bxc4 Rxd3 59. Rxg4 Kf5 60.
Rg2 Rd4 61. Rg3 Rxc4 62. Rb3 Bd8 63. a5 bxa5 64. Rxb7 Rd4 65. Rd7 Bf6 66. Ke2
Ke5 67. Ra7 Rxd5 68. Ra6 Be7 69. Ke3 Bc5+ 70. Ke2 Bb4 71. Ke3 Kf5 72. Ra8 Re5+
73. Kd3 Kf4 74. Ra7 Rf5 75. Ke2 Ke4 76. Ra6 Kd4 77. Rc6 Rf8 78. Kd1 Rxf2 79. Kc1
Bc3 80. Kb1 Kd3 81. Rc8 Rf1+ 0-1

[Event "Mondiale Lampo FIDE 2022"]
[Site "Alma Ata"]
[Date "30.12.2022"]
[Round "14.23"]
[White "Lazavik, Denis"]
[Black "Van Foreest, Jorden"]
[Result "1-0"]
[WhiteTitle ""]
[BlackTitle ""]
[WhiteElo "2537"]
[BlackElo "2690"]
[WhiteFideId "13515110"]
[BlackFideId "1039784"]
[EventDate "29.12.2022"]

1. d4 Nf6 2. c4 g6 3. g3 c6 4. Bg2 d5 5. Nf3 Bg7 6. O-O O-O 7. Qb3 Qb6 8. Nc3
Rd8 9. Bf4 Be6 10. c5 Qxb3 11. axb3 Nbd7 12. b4 a6 13. Rfd1 h6 14. h3 g5 15. Be3
Bf5 16. g4 Bg6 17. Nd2 Ne8 18. Rac1 e5 19. dxe5 Nxe5 20. Bd4 Nd3 21. exd3 Bxd4
22. Nb3 Bf6 23. d4 Nc7 24. Bf1 Ne6 25. Bd3 Bxd3 26. Rxd3 Re8 27. Kf1 h5 28. Re1
hxg4 29. hxg4 Kg7 30. Ne2 Kg6 31. Ng3 Rh8 32. Nh5 Nf4 33. Nxf4+ gxf4 34. Kg2 Rh4
35. Na5 Rb8 36. Rg1 Rxg4+ 37. Kf1 Rxg1+ 38. Kxg1 Kf5 39. f3 Bh4 40. Kf1 Bd8 41.
Nb3 Bc7 42. Rd2 Rh8 43. Re2 Kf6 44. Rg2 Rh1+ 45. Rg1 Rh3 46. Kf2 Kf5 47. Rg7 Ke6
48. Rg2 Bd8 49. Ke2 Rh1 50. Rg8 Ke7 51. Rg2 Rb1 52. Kd3 Kd7 53. Nd2 Re1 54. Re2
Rg1 55. Nb3 Rg3 56. Rf2 Rg1 57. Rh2 Bf6 58. Rh7 Ke6 59. Rh2 Rf1 60. Ke2 Rb1 61.
Kd3 Kf5 62. Rh5+ Kg6 63. Rh2 Re1 64. Re2 Rf1 65. Nd2 Rd1 66. Kc2 Rg1 67. Nb3 Rf1
68. Nd2 Rh1 69. Nb3 Rg1 70. Na5 Rf1 71. Nxb7 Rxf3 72. Na5 Rg3 73. Nxc6 f3 74.
Re3 Bg5 75. Ne5+ Kg7 76. Rxf3 Rg2+ 77. Kb3 f6 78. Nd3 Rh2 79. b5 axb5 80. Kb4
Rh4 81. Kxb5 Rxd4 82. c6 Rc4 83. Nc5 Rc2 84. c7 Rxb2+ 85. Rb3 1-0

[Event "Mondiale Lampo FIDE 2022"]
[Site "Alma Ata"]
[Date "30.12.2022"]
[Round "14.24"]
[White "Niemann, Hans Moke"]
[Black "Jumabayev, Rinat"]
[Result "1-0"]
[WhiteTitle ""]
[BlackTitle ""]
[WhiteElo "2698"]
[BlackElo "2609"]
[WhiteFideId "2093596"]
[BlackFideId "13702661"]
[EventDate "29.12.2022"]

1. c4 e6 2. Nf3 d5 3. d4 Nf6 4. g3 Be7 5. Bg2 O-O 6. O-O c6 7. Nbd2 b6 8. Qc2
Bb7 9. e4 Na6 10. cxd5 cxd5 11. e5 Nd7 12. a3 Rc8 13. Qd1 Nab8 14. Re1 Ba6 15.
Nf1 Nc6 16. b4 Bc4 17. Ne3 b5 18. Nxc4 bxc4 19. Bd2 c3 20. Be3 a5 21. b5 Na7 22.
a4 Nb6 23. Bf1 Nc4 24. Qb3 Bb4 25. Bd3 h6 26. Rac1 Rc7 27. Bb1 Na3 28. b6 Rb7
29. bxa7 c2 30. Bxc2 Rxa7 31. Red1 Rc7 32. Qd3 Nxc2 33. Rxc2 Rxc2 34. Qxc2 Qd7
35. Rc1 Rb8 36. Qc6 Qd8 37. h4 Bf8 38. Kg2 Rb4 39. Bd2 Rb3 40. Qc8 Qb6 41. Qd7
Ra3 42. Rc7 1-0

[Event "Mondiale Lampo FIDE 2022"]
[Site "Alma Ata"]
[Date "30.12.2022"]
[Round "14.25"]
[White "Murzin, Volodar"]
[Black "Petrosian, Tigran L."]
[Result "1-0"]
[WhiteTitle ""]
[BlackTitle ""]
[WhiteElo "2561"]
[BlackElo "2551"]
[WhiteFideId "44155573"]
[BlackFideId "13301616"]
[EventDate "29.12.2022"]

1. Nf3 d6 2. d4 Bg4 3. e3 Nf6 4. Be2 Nbd7 5. h3 Bh5 6. c4 e5 7. Nc3 Be7 8. O-O
O-O 9. b3 Re8 10. Bb2 Bf8 11. Re1 c6 12. Rc1 a5 13. d5 e4 14. Nd4 Bxe2 15. Ndxe2
c5 16. Ng3 g6 17. Qc2 Bg7 18. Nb5 Ra6 19. Nc3 h5 20. Rb1 h4 21. Ngxe4 Nxe4 22.
Nxe4 Bxb2 23. Rxb2 a4 24. bxa4 f5 25. Nc3 Qf6 26. Rxb7 Ne5 27. Nb5 Re7 28. Rxe7
Qxe7 29. Rb1 Ra8 30. Qb3 Qf6 31. Nc7 Rd8 32. Ne6 Re8 33. Qb7 g5 34. Qc7 f4 35.
Rb7 Nf7 36. exf4 gxf4 37. f3 Rxe6 38. dxe6 Qxe6 39. Qxf7+ Qxf7 40. Rxf7 Kxf7 41.
a5 d5 42. a6 dxc4 43. a7 1-0

[Event "Mondiale Lampo FIDE 2022"]
[Site "Alma Ata"]
[Date "30.12.2022"]
[Round "14.26"]
[White "Vakhidov, Jakhongir"]
[Black "Cheparinov, Ivan"]
[Result "1-0"]
[WhiteTitle ""]
[BlackTitle ""]
[WhiteElo "2607"]
[BlackElo "2688"]
[WhiteFideId "14201801"]
[BlackFideId "2905540"]
[EventDate "29.12.2022"]

1. e4 e6 2. d4 d5 3. Nc3 Bb4 4. e5 c5 5. Bd2 Ne7 6. a3 Bxc3 7. Bxc3 b6 8. h4 Ba6
9. Bxa6 Nxa6 10. Qe2 Nc7 11. h5 h6 12. Nf3 Qd7 13. O-O-O Nb5 14. Bd2 c4 15. c3
a5 16. g4 Na7 17. g5 hxg5 18. Bxg5 O-O-O 19. h6 gxh6 20. Bf6 Rhg8 21. Rxh6 Rdf8
22. Rh7 Nac6 23. Ng5 Nd8 24. Rdh1 b5 25. Qd2 Nec6 26. R1h3 b4 27. axb4 axb4 28.
cxb4 Rg6 29. f4 Rfg8 30. b5 Rxg5 31. fxg5 Na7 32. Rh8 Re8 33. Rxe8 1-0

[Event "Mondiale Lampo FIDE 2022"]
[Site "Alma Ata"]
[Date "30.12.2022"]
[Round "14.27"]
[White "Tari, Aryan"]
[Black "Suleymanli, Aydin"]
[Result "1-0"]
[WhiteTitle ""]
[BlackTitle ""]
[WhiteElo "2659"]
[BlackElo "2543"]
[WhiteFideId "1510045"]
[BlackFideId "13413937"]
[EventDate "29.12.2022"]

1. c4 e5 2. Nc3 Nf6 3. Nf3 Nc6 4. e4 Bc5 5. Nxe5 Nxe5 6. d4 Bb4 7. dxe5 Nxe4 8.
Qf3 Nxc3 9. bxc3 Ba5 10. Bf4 O-O 11. O-O-O Qe7 12. Kb2 Rb8 13. h4 b5 14. cxb5 a6
15. Bc4 Qc5 16. Bb3 Rxb5 17. h5 h6 18. Rh3 Bb7 19. Qg4 Kh8 20. Rg3 Rg8 21. Rd2
Rb6 22. Qxd7 Qc4 23. Qd4 Qe6 24. Kc1 Rxb3 25. axb3 Bb6 26. Qc4 Qf5 27. Be3 Qxe5
28. Bxb6 cxb6 29. Kb2 Qxh5 30. Qc7 Bd5 31. Qxb6 Be6 32. Qd4 Qb5 33. c4 Qb4 34.
Qc3 Qb7 35. Re3 Qxg2 36. c5 Qc6 37. Rd6 Qg2 38. Rd2 Rb8 39. Qc2 a5 40. Red3 Qa8
41. Ka3 Bf5 42. c6 Bxd3 43. Rxd3 Rc8 44. c7 g6 45. Rd7 Kg8 46. Qc3 h5 47. Qf6
Rf8 48. Rd8 h4 49. Rxa8 Rxa8 50. Qd8+ 1-0

[Event "Mondiale Lampo FIDE 2022"]
[Site "Alma Ata"]
[Date "30.12.2022"]
[Round "14.28"]
[White "Nesterov, Arseniy"]
[Black "Shankland, Sam"]
[Result "0-1"]
[WhiteTitle ""]
[BlackTitle ""]
[WhiteElo "2573"]
[BlackElo "2710"]
[WhiteFideId "24198455"]
[BlackFideId "2004887"]
[EventDate "29.12.2022"]

1. d4 d5 2. c4 e6 3. Nf3 Nf6 4. Nc3 c5 5. cxd5 Nxd5 6. e4 Nxc3 7. bxc3 cxd4 8.
cxd4 Bb4+ 9. Bd2 Bxd2+ 10. Qxd2 O-O 11. Bc4 Nd7 12. O-O b6 13. Rfe1 Bb7 14. Rad1
Rc8 15. Bb3 h6 16. h3 Re8 17. d5 exd5 18. Bxd5 Bxd5 19. exd5 Rxe1+ 20. Qxe1 Nc5
21. Ne5 Qd6 22. Nc6 Rc7 23. Qe8+ Kh7 24. Re1 Qd7 25. Qe5 f6 26. Qg3 Qf7 27. Nd8
Qd7 28. Ne6 Rc8 29. Nxc5 bxc5 30. d6 Qf5 31. Re7 Qg6 32. Rxa7 Qxg3 33. fxg3 c4
34. Rc7 Rd8 35. Rxc4 Rxd6 36. a4 Rd2 37. g4 g5 38. a5 Ra2 39. Rc5 Kg6 40. Rd5 h5
41. gxh5+ Kxh5 42. Kh2 Ra3 43. Rb5 Kg6 44. g4 Ra2+ 45. Kg3 Ra3+ 46. Kg2 Ra2+ 47.
Kf3 Ra3+ 48. Kg2 Ra2+ 49. Kg3 Ra3+ 50. Kg2 Ra2+ 51. Kf3 Ra3+ 52. Ke4 Rxh3 53. a6
Ra3 54. Rb6 Rg3 55. a7 Rxg4+ 56. Kd5 Ra4 57. Rb7 g4 58. Kc6 g3 59. Rb3 Rxa7 60.
Rxg3+ Kf5 61. Rf3+ Ke5 62. Rf1 f5 63. Re1+ Kf4 64. Rf1+ Kg5 65. Rg1+ Kf6 66. Rf1
Ra5 67. Kd6 Kg5 68. Ke6 f4 69. Rg1+ Kh4 0-1

[Event "Mondiale Lampo FIDE 2022"]
[Site "Alma Ata"]
[Date "30.12.2022"]
[Round "14.29"]
[White "Maghsoodloo, Parham"]
[Black "Durarbayli, Vasif"]
[Result "1-0"]
[WhiteTitle ""]
[BlackTitle ""]
[WhiteElo "2719"]
[BlackElo "2612"]
[WhiteFideId "12539929"]
[BlackFideId "13402935"]
[EventDate "29.12.2022"]

1. d4 Nf6 2. c4 e6 3. Nc3 Bb4 4. Nf3 O-O 5. a3 Bxc3+ 6. bxc3 d6 7. Bg5 Nbd7 8.
Nd2 c5 9. Bh4 Qa5 10. Qc2 cxd4 11. cxd4 e5 12. d5 b5 13. cxb5 Bb7 14. Qb2 Nxd5
15. e4 Nf4 16. Qb4 Qc7 17. g3 Ng6 18. Bg5 Nc5 19. Be3 f5 20. Bxc5 dxc5 21. Qb3+
Kh8 22. Bg2 Rad8 23. Qc3 fxe4 24. O-O Rd3 25. Qc2 Rd4 26. Nxe4 c4 27. a4 Bd5 28.
Nc3 Bxg2 29. Kxg2 Qb7+ 30. f3 Ne7 31. Rae1 Rd3 32. Ne4 Qd5 33. Qb2 Nf5 34. Qf2
h6 35. Qxa7 Nd4 36. Qc5 Qa8 37. Qxc4 Rdxf3 38. Rxf3 Rxf3 39. b6 Rb3 40. Qc7 Rb2+
41. Kh3 Qe8 42. g4 Qf8 43. Qxe5 Rb3+ 44. Ng3 Nf3 45. Qe8 Ng5+ 46. Kg2 Rb2+ 47.
Kh1 Qxe8 48. Rxe8+ Kh7 49. a5 Nf3 50. Re2 Rb5 51. Kg2 Nh4+ 52. Kf2 Rxa5 53. Rb2
Ra8 54. b7 Rb8 55. Ne4 Ng6 56. Nc5 Ne5 57. Na6 Rf8+ 58. Kg2 Nc6 59. b8=Q Nxb8
60. Nxb8 Kg6 61. Rb5 Rc8 62. Rb6+ Kg5 63. Nc6 Kxg4 64. Ne5+ Kf5 65. Nf3 Rc3 66.
Kg3 Ra3 67. h3 Rc3 68. Rb5+ Kf6 69. Rb4 Ra3 70. Kg4 Ra6 71. Rf4+ Kg6 72. Nh4+
Kh7 73. Rb4 Ra5 74. Nf5 Ra7 75. Re4 Ra1 76. Re7 Rg1+ 77. Kf4 Rf1+ 78. Ke5 Re1+
79. Kd4 Rd1+ 80. Ke3 Rg1 81. h4 Rg4 82. Kf3 Rg1 83. Kf4 Rf1+ 84. Ke4 Re1+ 85.
Kd5 Rg1 86. Ra7 Rg4 87. Ke5 Rg1 88. Kf4 Rf1+ 89. Ke4 Re1+ 90. Kd3 Rg1 91. Ke3
Rg4 92. Kf3 Rg1 93. Ng3 Kg6 94. h5+ Kh7 95. Ne4 Rf1+ 96. Kg4 Kg8 97. Ng3 Rg1 98.
Kf4 Kh7 99. Rb7 Rg2 100. Kf3 Rg1 101. Kf2 Ra1 102. Nf5 Rh1 103. Nxg7 Kg8 104.
Kg2 Rh4 105. Kg3 Rh1 106. Kf4 Rf1+ 107. Ke5 Rg1 108. Ne6 Rg2 109. Nf4 Rg1 110.
Kf6 Kh8 111. Ng6+ 1-0

[Event "Mondiale Lampo FIDE 2022"]
[Site "Alma Ata"]
[Date "30.12.2022"]
[Round "14.30"]
[White "Vachier-Lagrave, Maxime"]
[Black "Tang, Andrew"]
[Result "0-1"]
[WhiteTitle ""]
[BlackTitle ""]
[WhiteElo "2737"]
[BlackElo "2540"]
[WhiteFideId "623539"]
[BlackFideId "2059630"]
[EventDate "29.12.2022"]

1. d4 d5 2. c4 e6 3. Nc3 Be7 4. cxd5 exd5 5. Bf4 c6 6. e3 Bf5 7. Nge2 Nd7 8. Ng3
Bg6 9. Be2 Ngf6 10. h4 h6 11. h5 Bh7 12. Bd3 Bxd3 13. Qxd3 O-O 14. Nf5 Re8 15.
O-O-O b5 16. Kb1 Bf8 17. f3 b4 18. Ne2 c5 19. dxc5 Nxc5 20. Qd2 b3 21. a3 Rc8
22. Rc1 Qb6 23. Ned4 a5 24. g4 Ne6 25. Be5 Nd7 26. Bg3 a4 27. Rhd1 Ng5 28. Bh4
Ne5 29. Bxg5 hxg5 30. f4 gxf4 31. exf4 Nc4 32. Qg2 Bxa3 33. Qxd5 Nxb2 34. Rxc8
Rxc8 35. Qe5 Qf6 36. Qxf6 gxf6 37. Rd2 Nc4 38. Rd1 Bf8 39. g5 fxg5 40. fxg5 Rb8
41. g6 a3 42. gxf7+ Kxf7 43. Nxb3 Rxb3+ 44. Kc2 Rf3 45. Rd4 Rxf5 46. Rxc4 Rxh5
47. Rf4+ Ke8 48. Ra4 Be7 0-1

[Event "Mondiale Lampo FIDE 2022"]
[Site "Alma Ata"]
[Date "30.12.2022"]
[Round "14.31"]
[White "Donchenko, Alexander"]
[Black "Vidit, Santosh Gujrathi"]
[Result "0-1"]
[WhiteTitle ""]
[BlackTitle ""]
[WhiteElo "2636"]
[BlackElo "2730"]
[WhiteFideId "24603295"]
[BlackFideId "5029465"]
[EventDate "29.12.2022"]

1. c4 e5 2. g3 d5 3. cxd5 Qxd5 4. Nf3 Nc6 5. Nc3 Qd8 6. Bg2 Nf6 7. O-O h6 8. a3
a5 9. e3 Bd6 10. d4 exd4 11. Nxd4 Nxd4 12. Qxd4 Qe7 13. Qa4+ Bd7 14. Qb3 O-O 15.
Qxb7 Rab8 16. Qa6 a4 17. e4 Be5 18. Qe2 Rfe8 19. Be3 Bxc3 20. bxc3 Nxe4 21. Qc2
Rb3 22. Bd4 c5 23. Rfe1 Bf5 24. Bxc5 Qxc5 25. Bxe4 Be6 26. Rac1 Rxa3 27. Qd3 Ra2
28. Rf1 Bc4 29. Qd7 Rxe4 30. Qd8+ Qf8 0-1

[Event "Mondiale Lampo FIDE 2022"]
[Site "Alma Ata"]
[Date "30.12.2022"]
[Round "14.33"]
[White "Petrosyan, Manuel"]
[Black "Brunello, Sabino"]
[Result "1/2-1/2"]
[WhiteTitle ""]
[BlackTitle ""]
[WhiteElo "2621"]
[BlackElo "2519"]
[WhiteFideId "13300857"]
[BlackFideId "813613"]
[EventDate "29.12.2022"]

1. d4 d5 2. Bf4 Bf5 3. e3 e6 4. Bd3 Bxd3 5. cxd3 Bd6 6. Ne2 Ne7 7. Qb3 b6 8.
Nbc3 O-O 9. Rc1 Bxf4 10. Nxf4 Nd7 11. O-O c5 12. Nfe2 Nf5 13. dxc5 Nxc5 14. Qd1
d4 15. exd4 Nxd4 16. Ng3 Qh4 17. Nce4 Nxe4 18. dxe4 Rad8 19. Qd3 e5 20. Qe3 g6
21. Rc7 a5 22. Ne2 Nxe2+ 23. Qxe2 Rd4 24. Re1 Rfd8 25. Qf3 Qf4 26. Qxf4 exf4 27.
Kf1 Rd2 28. Re2 Rd1+ 29. Re1 R1d2 30. Re2 Rd1+ 31. Re1 R1d2 32. Re2 1/2-1/2

[Event "Mondiale Lampo FIDE 2022"]
[Site "Alma Ata"]
[Date "30.12.2022"]
[Round "14.34"]
[White "Hovhannisyan, Robert"]
[Black "Bluebaum, Matthias"]
[Result "0-1"]
[WhiteTitle ""]
[BlackTitle ""]
[WhiteElo "2597"]
[BlackElo "2657"]
[WhiteFideId "13302507"]
[BlackFideId "24651516"]
[EventDate "29.12.2022"]

1. e4 e6 2. d4 d5 3. Nc3 Nf6 4. Bg5 dxe4 5. Nxe4 Be7 6. Nxf6+ Bxf6 7. Bxf6 Qxf6
8. Nf3 O-O 9. Qd3 Rd8 10. O-O-O Bd7 11. Qe3 Nc6 12. Ne5 Ne7 13. Bd3 Bc6 14. Nxc6
Nxc6 15. c3 Ne7 16. Qe4 g6 17. f4 Nd5 18. g3 Rac8 19. Rhe1 c5 20. dxc5 Nxc3 21.
bxc3 Qxc3+ 22. Bc2 Qa1+ 23. Bb1 Rxc5+ 24. Qc2 Rxc2+ 25. Kxc2 Rc8+ 26. Kd3 Qb2
27. Ke3 Qxh2 28. Kf3 Rc3+ 29. Rd3 Rxd3+ 30. Bxd3 Qxa2 31. Rc1 Kg7 32. Rc7 Qb3
33. Ke2 a5 34. g4 a4 35. f5 gxf5 36. gxf5 Qb2+ 37. Rc2 Qe5+ 38. Kf3 exf5 0-1

[Event "Mondiale Lampo FIDE 2022"]
[Site "Alma Ata"]
[Date "30.12.2022"]
[Round "14.35"]
[White "Tabatabaei, M. Amin"]
[Black "Salem, A.R. Saleh"]
[Result "0-1"]
[WhiteTitle ""]
[BlackTitle ""]
[WhiteElo "2660"]
[BlackElo "2677"]
[WhiteFideId "12521213"]
[BlackFideId "9301348"]
[EventDate "29.12.2022"]

1. c4 g6 2. Nc3 Bg7 3. d4 Nf6 4. e4 d6 5. Be2 O-O 6. Be3 c5 7. d5 e6 8. Nf3 exd5
9. cxd5 Nbd7 10. O-O Ng4 11. Bg5 f6 12. Bd2 a6 13. a4 Nge5 14. Nxe5 Nxe5 15. f4
Nf7 16. Bd3 Re8 17. Kh1 Rb8 18. Qf3 Bd7 19. a5 b5 20. axb6 Rxb6 21. Bc1 Qc8 22.
h3 f5 23. Re1 fxe4 24. Nxe4 Rb3 25. Bxa6 Qb8 26. Qf2 Bd4 27. Qh4 Bf5 28. Nf6+
Bxf6 29. Rxe8+ Qxe8 30. Qxf6 Qe1+ 31. Kh2 Rxh3+ 0-1

[Event "Mondiale Lampo FIDE 2022"]
[Site "Alma Ata"]
[Date "30.12.2022"]
[Round "14.36"]
[White "Esipenko, Andrey"]
[Black "Agmanov, Zhandos"]
[Result "1-0"]
[WhiteTitle ""]
[BlackTitle ""]
[WhiteElo "2678"]
[BlackElo "2442"]
[WhiteFideId "24175439"]
[BlackFideId "13708309"]
[EventDate "29.12.2022"]

1. e4 c6 2. d4 d5 3. e5 Bf5 4. h4 h5 5. Bd3 Bxd3 6. Qxd3 Qa5+ 7. Nd2 e6 8. Nf3
Nh6 9. O-O Nf5 10. Nb3 Qa6 11. Qd1 Nd7 12. Bg5 c5 13. c3 Rc8 14. Re1 Be7 15.
Bxe7 Nxe7 16. Ng5 Nf5 17. g3 g6 18. dxc5 Nxc5 19. Nd4 Qd3 20. Nxf5 gxf5 21. Qc1
Ne4 22. Nxe4 fxe4 23. Qg5 Kd7 24. Qf6 Rcf8 25. Rad1 Qc2 26. b3 e3 27. c4 exf2+
28. Qxf2 Qxf2+ 29. Kxf2 Rc8 30. cxd5 Rhg8 31. dxe6+ Kxe6 32. Rd6+ Ke7 33. Red1
Rc5 34. R1d3 Rxe5 35. Rd7+ Kf6 36. Rxb7 Ra5 37. a4 Kg6 38. Rf3 f6 39. Rc7 Rd8
40. Rc6 Rf8 41. Rf4 Rd5 42. Ra6 Rf7 43. Kg2 Rb7 44. Rfxf6+ Kg7 45. Rf3 Rd2+ 46.
Rf2 Rd3 47. b4 Rxb4 48. Rxa7+ Kg6 49. Ra6+ Kg7 50. Ra5 Rg4 51. Rf3 Rxf3 52. Kxf3
Kh6 53. Ra6+ Kg7 54. Ra7+ Kg6 55. Ra5 Rb4 56. Rg5+ Kh6 57. a5 Ra4 1-0

[Event "Mondiale Lampo FIDE 2022"]
[Site "Alma Ata"]
[Date "30.12.2022"]
[Round "14.37"]
[White "Nguyen, Thai Dai Van"]
[Black "Gelfand, Boris"]
[Result "1-0"]
[WhiteTitle ""]
[BlackTitle ""]
[WhiteElo "2656"]
[BlackElo "2667"]
[WhiteFideId "358878"]
[BlackFideId "2805677"]
[EventDate "29.12.2022"]

1. Nf3 c5 2. c4 Nc6 3. Nc3 Nf6 4. g3 d5 5. cxd5 Nxd5 6. Bg2 Nc7 7. O-O e6 8. b3
Be7 9. Bb2 O-O 10. Rc1 b6 11. d4 Nxd4 12. Nxd4 cxd4 13. Nb5 Nxb5 14. Bxa8 Bf6
15. Bf3 Nc3 16. Qd3 Nxa2 17. Ra1 Nb4 18. Qd2 a5 19. Rfd1 e5 20. e3 Bg5 21. h4
Bh6 22. Qe2 d3 23. Qd2 Qe7 24. Qc3 e4 25. Bg2 Bg4 26. Rdc1 Nc2 27. Ra4 f5 28.
Rxc2 dxc2 29. Ba3 Qd7 30. Rd4 Rc8 31. Rc4 f4 32. exf4 Rxc4 33. Qxc4+ Be6 34.
Qxc2 Bd5 35. Bxe4 Bxe4 36. Qxe4 g6 37. Kg2 Bg7 38. Qc4+ Kh8 39. Bc1 Qb7+ 40. Kh2
b5 41. Qe6 Qb8 42. Qd7 a4 43. bxa4 b4 44. a5 b3 45. a6 b2 46. Bxb2 Bxb2 47. Qb7 1-0

[Event "Mondiale Lampo FIDE 2022"]
[Site "Alma Ata"]
[Date "30.12.2022"]
[Round "14.38"]
[White "Predke, Alexandr"]
[Black "Alonso Rosell, Alvar"]
[Result "1-0"]
[WhiteTitle ""]
[BlackTitle ""]
[WhiteElo "2684"]
[BlackElo "2561"]
[WhiteFideId "24107581"]
[BlackFideId "2270544"]
[EventDate "29.12.2022"]

1. Nf3 d5 2. g3 Nf6 3. Bg2 e6 4. O-O Be7 5. c4 O-O 6. d4 c6 7. Nc3 a5 8. Ne5
Nfd7 9. Be3 Nxe5 10. dxe5 Nd7 11. cxd5 cxd5 12. Bd4 Bc5 13. e4 dxe4 14. Nxe4
Bxd4 15. Qxd4 a4 16. Rac1 Qa5 17. Rxc8 Raxc8 18. Qxd7 Qxe5 19. Qxb7 Rc2 20. a3
Rxb2 21. Qc6 Qd4 22. Nc5 Qc4 23. Qd6 h5 24. h4 Rc2 25. Nd7 Re8 26. Ne5 Qc7 27.
Qd1 Rc8 28. Qxh5 Rc5 29. f4 Rc3 30. Kh2 Rxa3 31. Rd1 g6 32. Nxg6 fxg6 33. Qxg6+
Kh8 34. Qxe6 Rd8 35. Qf6+ Kh7 36. Be4+ Kg8 37. Rxd8+ 1-0

[Event "Mondiale Lampo FIDE 2022"]
[Site "Alma Ata"]
[Date "30.12.2022"]
[Round "14.39"]
[White "Khusnutdinov, Rustam"]
[Black "Adhiban, Baskaran"]
[Result "0-1"]
[WhiteTitle ""]
[BlackTitle ""]
[WhiteElo "2441"]
[BlackElo "2611"]
[WhiteFideId "13701703"]
[BlackFideId "5018471"]
[EventDate "29.12.2022"]

1. d4 Nf6 2. Nf3 g6 3. Bg5 Bg7 4. Nbd2 O-O 5. c3 h6 6. Bh4 d6 7. e4 Qe8 8. Be2
Nh5 9. O-O Nf4 10. Bc4 e5 11. Re1 Nc6 12. Bg3 Nh5 13. Bb5 Nxg3 14. hxg3 a6 15.
Bxc6 Qxc6 16. Nf1 Re8 17. d5 Qb6 18. Qc2 f5 19. Nh4 fxe4 20. Nxg6 Bf5 21. Nh4
Bh7 22. Ne3 Rf8 23. g4 Bf6 24. Nhf5 Bg5 25. b3 Qc5 26. Qxe4 Qxc3 27. Rac1 Qa5
28. Re2 Rf7 29. Rec2 Raf8 30. g3 Bxf5 31. gxf5 Bxe3 32. Qxe3 Qxd5 33. Qxh6 Rh7
34. Qe6+ Qxe6 35. fxe6 c6 36. Rd2 d5 37. Re1 e4 38. Kg2 Rf6 39. Rh1 Rxh1 40.
Kxh1 Rxe6 41. Kg2 Rf6 42. b4 Kf7 43. Rd1 Ke6 44. a4 b6 45. Rc1 Ke5 46. Rh1 d4
47. Rh8 d3 48. Re8+ Kd4 49. Rd8+ Kc3 50. b5 axb5 51. axb5 cxb5 52. g4 d2 53. Kg3
Rf3+ 0-1

[Event "Mondiale Lampo FIDE 2022"]
[Site "Alma Ata"]
[Date "30.12.2022"]
[Round "14.40"]
[White "Idani, Pouya"]
[Black "Daneshvar, Bardiya"]
[Result "1-0"]
[WhiteTitle ""]
[BlackTitle ""]
[WhiteElo "2637"]
[BlackElo "2500"]
[WhiteFideId "12510130"]
[BlackFideId "12576468"]
[EventDate "29.12.2022"]

1. e4 c6 2. d4 d5 3. exd5 cxd5 4. Bd3 Nf6 5. h3 Nc6 6. Nf3 Nb4 7. Nc3 Nxd3+ 8.
Qxd3 e6 9. Bf4 Bd7 10. O-O Rc8 11. Ne5 a6 12. a4 Bb4 13. Ne2 Be7 14. Ng3 h5 15.
Bg5 h4 16. Ne2 Rh5 17. Nf3 Qc7 18. Rfc1 Bd6 19. Bxh4 Ne4 20. c4 Qb8 21. cxd5
exd5 22. Rxc8+ Bxc8 23. Nc3 Bf5 24. g4 Rxh4 25. Nxh4 Bh7 26. Nxe4 Bxe4 27. Qe2
Bh2+ 28. Kf1 Kf8 29. Ra3 g6 30. Re3 Qc7 31. Nf3 Bf4 32. Rc3 Qb6 33. Kg2 Qxd4 34.
Kf1 Qxa4 35. Ra3 Qb4 36. Rc3 Kg7 37. Nd2 Qxb2 38. Nxe4 Qb1+ 39. Qe1 Qb5+ 40. Kg2
dxe4 41. Qxe4 Be5 42. Rd3 Bf6 43. Rf3 a5 44. Qf4 Qe5 45. Qxe5 Bxe5 46. Rb3 Bc7
47. Rxb7 1-0

[Event "Mondiale Lampo FIDE 2022"]
[Site "Alma Ata"]
[Date "30.12.2022"]
[Round "14.41"]
[White "Makhnev, Denis"]
[Black "Aravindh, Chithambaram VR."]
[Result "0-1"]
[WhiteTitle ""]
[BlackTitle ""]
[WhiteElo "2481"]
[BlackElo "2607"]
[WhiteFideId "13707647"]
[BlackFideId "5072786"]
[EventDate "29.12.2022"]

1. d4 Nf6 2. c4 b6 3. Nc3 Bb7 4. d5 e6 5. a3 exd5 6. cxd5 Bc5 7. Nf3 O-O 8. Bg5
Re8 9. e3 Be7 10. Bc4 d6 11. O-O Nbd7 12. Nd4 Ne5 13. Ba2 Ng6 14. Nc6 Bxc6 15.
dxc6 h6 16. Qc2 Kf8 17. Qb3 Nh8 18. Bh4 Nh5 19. Bxe7+ Rxe7 20. Nd5 Re6 21. Rad1
Nf6 22. Nf4 Re5 23. Rd4 Qe7 24. h3 Re8 25. Rfd1 g5 26. Ne2 Ng6 27. Ng3 h5 28.
Bb1 Rc5 29. Qa4 a5 30. b4 Re5 31. Qc2 Qe6 32. Nf5 d5 33. bxa5 bxa5 34. Ra4 Ne4
35. Nd4 Qf6 36. Rxa5 g4 37. f4 R5e7 38. Rxd5 Ng3 39. Nf5 Nxf5 40. Rxf5 Qh4 41.
Qf2 g3 42. Qa2 Nxf4 43. Rf1 Ne6 44. Qd5 Rd8 45. Rxh5 Rxd5 46. Rxh4 Re5 47. e4
Nd4 48. Rg4 Rc5 49. Rd1 Ne2+ 50. Kf1 Nc3 51. Rc1 Nxe4 52. Rxc5 Nd2+ 0-1

[Event "Mondiale Lampo FIDE 2022"]
[Site "Alma Ata"]
[Date "30.12.2022"]
[Round "14.42"]
[White "Kovalev, Vladislav"]
[Black "Amin, Bassem"]
[Result "1-0"]
[WhiteTitle ""]
[BlackTitle ""]
[WhiteElo "2623"]
[BlackElo "2682"]
[WhiteFideId "13504398"]
[BlackFideId "10601457"]
[EventDate "29.12.2022"]

1. e4 e5 2. Nf3 Nc6 3. Bb5 a6 4. Ba4 Nf6 5. Nc3 Be7 6. O-O d6 7. Bxc6+ bxc6 8.
d4 exd4 9. Nxd4 Bd7 10. Qf3 O-O 11. e5 dxe5 12. Nxc6 Bxc6 13. Qxc6 Qd6 14. Qf3
Rab8 15. b3 h6 16. Rd1 Qe6 17. Bb2 Rbd8 18. h3 e4 19. Qe3 Bd6 20. Ne2 Rfe8 21.
Ng3 Nd5 22. Qd4 Bf8 23. Qxe4 Qxe4 24. Nxe4 Rxe4 25. c4 Re2 26. Rab1 Bc5 27. Bd4
Be7 28. cxd5 Rxd5 29. a4 c5 30. Be3 Rxd1+ 31. Rxd1 Rb2 32. Rd3 g5 33. g4 Kg7 34.
Kg2 Rc2 35. Rd7 Bf6 36. Rc7 Rc3 37. Rxc5 Rxb3 38. Rc6 a5 39. Rc5 Bd8 40. Rd5 Bc7
41. Bd4+ Kg6 42. Rc5 Bd8 43. Rc6+ Kh7 44. Rc8 Be7 45. Rh8+ Kg6 46. Rg8+ Kh7 47.
Rg7+ Kh8 48. Rxf7+ 1-0